00551nam a2200157Ia 4500003000900000008004100009020002600050020002700076040001600103100002500119245005900144260003200203300002000235490003400255856010400289IN-BaIIA211028s9999 xx s 000 0 eng d a9781510608597 (Print) a9781510608603 (Online) cIIA Library aZelinski, Brian, ed. 0aWindow and Dome Technologies and Materials XVh[eBook] aWashington, USAbSPIEc2017 aOnline resource aProceedings of SPIE; V. 10179 uhttps://www.spiedigitallibrary.org/conference-proceedings-of-spie/10179yClick Here to Access eBook